000 02864cam a2200361 i 4500
001 18132158
003 ARRUPE
005 20170118121937.0
008 140429s2014 nyua b 001 0 eng
010 _a 2014016973
020 _a9780374227357 (hardback)
020 _z9781429944328 (ebook)
040 _aDLC
_beng
_cDLC
_erda
_dDLC
042 _apcc
050 0 0 _aJC11
_b.F853 2014
082 0 0 _a320.1
_223
084 _aHIS037000
_aPOL010000
_2bisacsh
100 1 _aFukuyama, Francis.
_928402
245 1 0 _aPolitical order and political decay :
_bfrom the industrial revolution to the globalization of democracy /
_cFrancis Fukuyama.
260 _aLondon
_bProfile Books
_c2015
300 _aviii, 668 pages :
_c24 cm
504 _aIncludes bibliographical references (pages 601-631) and index.
520 _a"The second volume of the bestselling landmark work on the history of the modern state Writing in The Wall Street Journal, David Gress called Francis Fukuyama's Origins of Political Order "magisterial in its learning and admirably immodest in its ambition." In The New York Times Book Review, Michael Lind described the book as "a major achievement by one of the leading public intellectuals of our time." And in The Washington Post, Gerard DeGrott exclaimed "this is a book that will be remembered. Bring on volume two." Volume two is finally here, completing the most important work of political thought in at least a generation. Taking up the essential question of how societies develop strong, impersonal, and accountable political institutions, Fukuyama follows the story from the French Revolution to the so-called Arab Spring and the deep dysfunctions of contemporary American politics. He examines the effects of corruption on governance, and why some societies have been successful at rooting it out. He explores the different legacies of colonialism in Latin America, Africa, and Asia, and offers a clear-eyed account of why some regions have thrived and developed more quickly than others. And he boldly reckons with the future of democracy in the face of a rising global middle class and entrenched political paralysis in the West. A sweeping, masterful account of the struggle to create a well-functioning modern state, Political Order and Political Decay is destined to be a classic"--
650 0 _aState, The
_xHistory.
_928403
650 0 _aComparative government
_xHistory.
_994
650 0 _aDemocracy
_xHistory.
_995
650 0 _aGlobalization
_xPolitical aspects.
_928404
700 1 _aFukuyama, Francis.
_tOrigins of political order.
_928405
856 4 2 _3Cover image
_uhttp://www.netread.com/jcusers2/bk1388/357/9780374227357/image/lgcover.9780374227357.jpg
906 _a7
_bcbc
_corignew
_d1
_eecip
_f20
_gy-gencatlg
942 _2lcc
_cMONOGRAPH
999 _c125983
_d125983